000 00646nam a2200181Ia 4500
005 20250508160336.0
008 008 250505s9999 xx 000 0 eng d
037 _aBooks to be hide in OPAC
040 _aFEDL
_beng
_cFEDL
041 _aeng
_2eng
084 _a016.37, EDU/O
_qFEDL
100 _aEhrenreich Julia W Ed.
_9766736
245 0 _aEducation index July - June 1972 : A cumulative author subject index to a selected list of educational periodicals, proceedings, and yearbooks
260 _aNew York, USA
_bH W Wilson Company
_c1972
300 _axvii,1027p.
942 _cHB
_h016.37, EDU/O
999 _c1363872
_d1363872